000 00662nam a2200241Ia 4500
003 OSt
005 20220918183437.0
006 a|||||r|||| 00| 0
007 ta
008 220917b |||||||| |||| 00| 0 eng d
024 _a38,174
037 _cTextual
040 _aARTS
_cARTS
_beng
041 _2eng
_aeng
082 _aO113:gxM92,1, 111L0
100 _aBenjamin Walter
245 0 _aIlluminatiosn ed by Hennah Arendt tr by Harry Zohn
260 _aLondon
_bFontana
_c1992
300 _a267p.
_ccm.
650 _aENGLISH LITERATURE
942 _hO113:gxM92,1, 111L0
_cTEXL
_2CC
999 _c172715
_d172715